000 00283nam a2200121Ia 4500
008 250224s9999 xx 000 0 und d
020 _a9781844222810
082 _aJ428.6HOR
100 _aHorsley, Lorraine
245 0 _aDinosaurs
942 _cJBK
999 _c475709
_d475709